1652 1407 1858 1426 1015 1765 1616 1969 1742 1137 1039 1633 1514 1734 1851 1539 1355 1879 1918 1368 1848 1889 1015 1756 1273 1503 1470 1458 1157 1399 1627 1510 1884 1195 1693 1733 1697 1003 1479 1470 1653 1065 1107 1107 1714 1273 1443 1323 1172 1127 1081 1405 1482 1492 1168 1713 1934 1944 1300 1306 1556 1354 1362 1326 1195 1399 1314 1055 1214 1757 1509 1202 1247 1484 1196 1561 1369 1753 1593 1266 1533 1064 1470 1644 1669 1066 1871 1620 1415 1666 1894 1364 1142 1995 1196 1523 1926 1577 1709 BCNSPRNW ULIB Ver.6.0+V

เปลี่ยนเป็นภาษาไทย

Change to English
 แสดงรายละเอียดบรรณานุกรม
  กลับหน้าหลัก

Brief Record : Get Marc (ISO 2709) : E-mail record : QR code < ปิดหน้าต่าง
LEADER : 00000nam 2200000uu 4500
001    13399113907
003     ULIB
008    120112s2550||||th 000 0 tha d
020    ^a9789744348623
090    ^aนว.^bก123ผ 2550
100 0  ^aเกมม่า ทาวน์ลี่
245 00 ^aแผนรักลับ ๆ ฉบับ M B A/^cเกมม่า ทาวน์ลี่
250    ^aพิมพ์ครั้งที่ 1
260    ^aกรุงเทพฯ :^bฟิสิกส์เซ็นเตอร์,^c2550
300    ^a346 หน้า
710 1  ^aฟิสิกส์เซ็นเตอร์
945    ^p230^l0^i14452
995    ^aกัณชพร
999    ^aใช้งานได้ทุกระบบ
รายการนี้ยังไม่มีแท็ก
คุณยังไม่ได้ล็อกอิน คุณสามารถมีกิจกรรมร่วมกับเว็บไซต์ได้ แต่ต้องล็อกอินก่อน ::
  ล็อกอิน

รายการสื่อสารสนเทศ

ลำดับที่ ประเภท เลขเรียก/บาร์โค้ด สถานที่ สถานะ
1. นวนิยาย
นวนิยาย
นว. ก123ผ 2550  
  Barcode: 14452
ห้องสมุดวิทยาเขตสวรรค์ประชารักษ์
►นวนิยาย
บนชั้น
  ขอยืม

BibComment


ยังไม่เคยถูกคอมเมนท์

คอมเมนท์ทรัพยากรรายการนี้
  คอมเมนท์: แผนรักลับ ๆ ฉบับ..


 Copyright 2026. Bcnsprnw @Library